|
|
|
|
| LEADER |
00000naa2a2200000 4500 |
| 001 |
151622 |
| 005 |
20231031150759.0 |
| 035 |
|
|
|a (RuTPU)RU\TPU\book\164390
|
| 090 |
|
|
|a 151622
|
| 100 |
|
|
|a 20090126d2008 k y0rusy50 ca
|
| 101 |
0 |
|
|a rus
|
| 102 |
|
|
|a RU
|
| 200 |
1 |
|
|a Синтез робастного регулятора для интернальной системы автоматического управления
|f Чан Тхань Тхыонг
|g науч. рук. С. А. Гайворонский
|
| 320 |
|
|
|a Библиогр.: 4 назв.
|
| 461 |
|
1 |
|0 (RuTPU)RU\TPU\book\156858
|t Современные техника и технологии
|o 14 Международная научно-практическая конференция студентов, аспирантов и молодых ученых, г. Томск, 24-28 марта 2008 г.
|o труды
|o в 3 т.
|f Томский политехнический университет (ТПУ)
|d 2008
|
| 463 |
|
1 |
|0 (RuTPU)RU\TPU\book\158716
|t Т. 2
|v С. 410-411
|d 2008
|p 434 с.
|
| 610 |
1 |
|
|a регуляторы
|
| 610 |
1 |
|
|a интервальные системы
|
| 610 |
1 |
|
|a автоматическое управление
|
| 610 |
1 |
|
|a робастное управление
|
| 610 |
1 |
|
|a системы автоматического управления
|
| 610 |
1 |
|
|a подъёмные механизмы
|
| 610 |
1 |
|
|a натяжение
|
| 610 |
1 |
|
|a труды учёных ТПУ
|
| 700 |
|
1 |
|a Чан Тхань Тхыонг
|
| 702 |
|
1 |
|a Гайворонский
|b С. А.
|4 727
|
| 801 |
|
1 |
|a RU
|b 63413507
|c 20090126
|g PSBO
|
| 801 |
|
2 |
|a RU
|b 63413507
|c 20131001
|g RCR
|
| 942 |
|
|
|c BK
|